01756nam a2200361 u 4500001001000000003000900010005001700019007000300036008004100039040002500080082002300105100002700128245020200155260003600357300002700393490002400420500007400444590002600518651006100544651006100605651004100666651007400707651006700781700002700848710004500875740008400920830002801004910003801032942001401070952014501084952015001229999001501379000003187DO-SdBNP20251022121108.0ta090707s1980 dr a 000 0 spa d aDO-SdBNPbspacBNPHU a327.7307295bM614a1 aMeyn, Maryanne.91006413aEl aparato militar norteamericano en Puerto Rico /cM. Meyn, J. Rodríguez . Puerto Rico, víctima de los planes intervencionistas de los E.U. en el Caribe / por Consejo de la Paz de Puerto Rico. a[Santo Domingo] :bEDOC,c1982. a68 p. :bil. ;c22 cm. aDocumentos ;vNo.10 aIncluye referencias bibliográficas y notas al pie de las páginas. aInventariado, 2018/BT 4aEstados UnidosxRelaciones MilitareszPuerto Rico910065 4aPuerto RicoxRelaciones MilitareszEstados Unidos910066 4aPuerto RicoxHistoria Militar910067 4aEstados UnidosxRelaciones MilitareszCaribe ( Región{Rpara}910068 0aCaribe (Región)xRelaciones MilitareszEstados Unidos98740112aRodríguez, J.9100702 aConsejo de la Paz de Puerto Rico.91007102aPuerto Rico: víctima de los planes intervencionistas de los E.U. en el Caribe 0aDocumentos ;n10910072 aValidado. Control de calidad. MFF 2ddccLBS1 00102ddc53708PDaBNPHUbBNPHUcHDd2009-07-07eDeposito Legall0oBNPHU PD 327.7307295 M612ap3187-10r2020-06-25w2020-06-25yLBS1zS/A 00102ddc53708PDaBNPHUbBNPHUcHDd2009-07-07eDeposito Legall0oBNPHU PD 327.7307295 M612ap3187-20r2020-06-25te.2w2020-06-25yLBS1zS/A c3018d3018